| 000 | 00788nam a2200217 a 4500 | ||
|---|---|---|---|
| 001 | 000032503 | ||
| 005 | 20240410073847.0 | ||
| 008 | 110330s1945 dr r 001 0 spa d | ||
| 040 |
_aDO-SdBNP _bspa _cBNPHU |
||
| 082 |
_a923.27293 _bD812H, |
||
| 100 | 1 |
_aHenríquez i Carvajal, Federico, _d1848-1952 _97792 |
|
| 245 | 1 | 0 |
_aDuarte / _cFederico Henríquez i Carvajal. |
| 260 |
_aCiudad Trujillo : _bAcademia Dominicana de la Historia, _c1945. |
||
| 300 |
_a243 p. ; _c21 cm. |
||
| 500 | _aIncluye índice de nombres | ||
| 590 | _aInventariado, 2018/VM | ||
| 600 | 1 | 0 |
_aHenríquez i Carvajal, Federico, _d1848-1952 _97792 |
| 600 | 1 | 0 |
_aDuarte, Juan Pablo, _d1813-1876 _91494 |
| 651 | 0 |
_aRepública Dominicana -- _xHistoria -- _y1844-1930 _91009 |
|
| 910 | _aValidado. Control de calidad MFF | ||
| 999 |
_c31994 _d31994 |
||